Name a Valid World City - Statistics

General Stats
  • This quiz has been taken 71,724 times
    31,919 since last reset
  • The average score is 12 of 17
Answer Stats
Name a valid city ... # Cities % Correct
on the Great Lakes of North America 6 Buffalo | Chicago | Cleveland | Detroit | Milwaukee | Toronto
95%
whose name ends in JING 2 Beijing | Nanjing
88%
with a population > than 20 million, but not a world capital 6 Guangzhou | Shanghai | Mumbai | São Paulo | New York | Karachi
88%
in Australia, not Sydney or Melbourne 3 Brisbane | Perth | Adelaide
86%
on the Persian Gulf 6 Abu Dhabi | Dammam | Doha | Dubai | Kuwait | Manama
83%
within 5° of latitude from the Equator 29 Kinshasa | Bogota | Kuala Lumpur | Singapore | Nairobi | +23 others
81%
on the Danube River 3 Budapest | Vienna | Belgrade
80%
whose name ends in BURG 5 Johannesburg | St. Petersburg | Hamburg | Yekaterinburg | Harrisburg
79%
whose name begins with the letter O 11 Osaka | Orlando | Ouagadougou | Okayama | Oran | + 6 others
78%
north of 58 °N 4 Helsinki | St. Petersburg | Oslo | Stockholm
77%
within 50 km of the U.S. / Mexico border 5 San Diego | Tijuana | Ciudad Juarez | McAllen | El Paso
71%
whose name ends in V 5 Tel Aviv | Kharkiv | Kyiv | Saratov | Rostov
64%
founded by the Greeks (other than Athens) 6 Alexandria | Benghazi | Istanbul | Izmir | Marseille | Naples
62%
where Swahili is a lingua franca 5 Dar es Salaam | Nairobi | Kampala | Mombasa | Kigali
59%
with an elevation of at least 2500 meters 5 La Paz | Quito | Bogotá | Cochabamba | Addis Ababa
59%
more than 2000 km away from any other city > 1 million 2 Auckland | Perth
50%
in Iran, other than Tehran 7 Isfahan | Mashhad | Tabriz | Shiraz | Ahvaz | Qom | Kermanshah
40%
No matching quizzes found
Score Distribution
Percent of People with Each Score
Percentile by Number Answered
Your Score History
You have not taken this quiz since the last reset